| 000 | 00775nam2a2200241 4500 | ||
|---|---|---|---|
| 001 | RU\NLR\BIBL_A\010654055 | ||
| 005 | 20250614081529.0 | ||
| 010 |
_a978-5-295-05998-8 _93000 |
||
| 021 |
_aRU _b2014-64314 _93918 |
||
| 035 | _a(NLR Aleph) 010654055 | ||
| 090 |
_a10717770 _c10717770 |
||
| 100 | _a20150128d2014 |||y0rusy50 ca | ||
| 101 | 0 | _abak | |
| 102 | _aRU | ||
| 105 | _aa z 000yy | ||
| 200 | 0 |
_a2015 _f[төҙ. Ҡазыева З. И. һ. б.] |
|
| 210 |
_d2014 _aБ. м. |
||
| 215 |
_a231 б. _cил. |
||
| 461 | 0 |
_1001RU\NLR\ONL2\2262 _12001#$aМәктәп календары$v2015 _910268274 _cӨфө _d2001- _nКитап _tМәктәп календары _v2015 |
|
| 852 |
_aNLR _bОНЛ _jБашк./3-4607 |
||
| 942 | _cBOOK | ||
| 980 | _aNB | ||